| 000 | 00383cam a2200145ua 4500 | ||
|---|---|---|---|
| 041 |
_aeng _h |
||
| 082 |
_a335.5 _bAML/SO |
||
| 100 | _aDatta, Amalan . | ||
| 245 | 0 | 0 |
_aSicialism Democracy and Industrilization / _cDatta Amlan. _hTextual Documents |
| 260 |
_aLondon : _bGeorge Allen & Unwin Ltd , _c1959. |
||
| 300 | _a118 ; . | ||
| 504 | _a | ||
| 942 | _cBK | ||
| 999 |
_c12471 _d12471 |
||